A grain of wheat / (Record no. 4489)

MARC details
000 -LEADER
fixed length control field 00672 a2200217 4500
010 ## - LCCN (DPL NO)
LC control number ENG-86328
020 ## - INTERNATIONAL STANDARD BOOK NUMBER
International Standard Book Number 8172149344
Terms of availability 75.00
035 ## - SYSTEM CONTROL NUMBER
System control number EN-69861
037 ## - SOURCE OF ACQUISITION
Source of stock number/acquisition DBAD / PUB
082 14 - DEWEY DECIMAL CLASSIFICATION NUMBER
Classification number 280
100 1# - MAIN ENTRY--PERSONAL NAME
Personal name Georgekutty, K. V.
245 1# - TITLE STATEMENT
Title A grain of wheat /
Statement of responsibility, etc by Georgekutty K.V. [and] helped by R.H. Lesser
260 ## - PUBLICATION, DISTRIBUTION, ETC. (IMPRINT)
Place of publication, distribution, etc Delhi
Name of publisher, distributor, etc Indian Society for Promoting Christian Knowledge
Date of publication, distribution, etc 2006
300 ## - PHYSICAL DESCRIPTION
Extent xi, 84, [1] p.
Dimensions 19 cm. (Pbk)
500 ## - GENERAL NOTE
General note Includes bibliographical references
650 #0 - SUBJECT ADDED ENTRY--TOPICAL TERM
Topical term or geographic name as entry element Persecution
650 #0 - SUBJECT ADDED ENTRY--TOPICAL TERM
Topical term or geographic name as entry element Christians
General subdivision Violence against
650 #0 - SUBJECT ADDED ENTRY--TOPICAL TERM
Topical term or geographic name as entry element Communalism
700 1# - ADDED ENTRY--PERSONAL NAME
Personal name Lesser, R. H.
942 ## - ADDED ENTRY ELEMENTS (KOHA)
Institution code [OBSOLETE] dpl
Item type English Books
Source of classification or shelving scheme Dewey Decimal Classification
Classification part 280
Call number suffix GEO
Holdings
Withdrawn status Lost status Not for loan Collection code Home library Current library Source of acquisition Cost, normal purchase price Full call number Barcode Copy number Cost, replacement price Koha item type
    Not For Loan Non-fiction D.B.Act.Division D.B.Act.Division DBAD/PUB 75.00 280 GEO EN-69861 1 75.00 English Books

© Delhi Public Library
Hit Counter
free hit counter